Game of Thrones or The Walking Dead? Quiz Stats

 Plays Quiz Updated Aug 2, 2014

Support Sporcle.
Go Orange.
Score 0/24 Timer 02:00
0 Plays Today
Episode Title Answer % Correct
Fire and Blood???
83.1%
Blackwater???
82.2%
Kissed by Fire???
81.7%
Pretty Much Dead Already???
81.5%
Days Gone Bye???
80.3%
Too Far Gone???
78.9%
A Man Without Honor???
77.1%
The Pointy End???
77.1%
Dark Wings, Dark Words???
75%
You Win or You Die???
72.4%
Walk With Me???
71.6%
Save the Last One???
71.5%
Episode Title Answer % Correct
The Night Lands???
70.4%
The Climb???
69.5%
Made to Suffer???
69.3%
Judge, Jury, Executioner???
66%
Walk of Punishment???
65.5%
Secrets???
65.3%
Garden of Bones???
65.3%
Welcome to the Tombs???
65.1%
The Suicide King???
57.1%
Hounded???
53.4%
Vatos???
53.3%
Wildfire???
36.3%

You're not logged in!

Compare scores with friends on all Sporcle quizzes.
OR
Log In

From the Vault

Two by Four III

by BanjoZebra

Everyone likes a quiz whose title is composed of 75% numbers.
Remove Ads.
Support Sporcle.
Get the best of Sporcle when you Go Orange. This ad-free experience offers more features, more stats, and more fun while also helping to support Sporcle. Thank you for becoming a member.

Show Comments

Extras

Top Quizzes Today


Score Distribution

Your Account Isn't Verified!

In order to create a playlist on Sporcle, you need to verify the email address you used during registration. Go to your Sporcle Settings to finish the process.

Report this User

Report this user for behavior that violates our Community Guidelines.

Details: